000 00446nam a2200181Ia 4500
001 16032
005 20260306170239.0
008 260306t2011||||xx |||||||||||||| ||und||
041 _aESP
082 _a346.52
_bT26
100 _aTavano, María Josefina
_eAUT
245 0 _aLos presupuestos de la responsabilidad civil
260 _c2011
300 _a440 páginas :
_c23 cm.
650 _aGEN
654 _aCDE
942 _cLIB
_dJUS
_fJUS
_2ddc
_n
999 _c16032
_d16032